Movies Quiz

Random Movies or Oscar Quiz

Lone Oscar Nomination Quiz Stats

Quiz Updated Mar 4, 2015

Challenge
Share
Tweet
Embed
Score 0/36 Timer 08:00
1 Play Today
Person Film % Correct
Haley Joel OsmentThe Sixth Sense
79.6%
Mickey RourkeThe Wrestler
68.9%
Jake GyllenhaalBrokeback Mountain
67%
Oprah WinfreyThe Color Purple
66.2%
Samuel L. JacksonPulp Fiction
64.8%
Don CheadleHotel Rwanda
59.1%
Gary SiniseForrest Gump
54.9%
Bill MurrayLost in Translation
54%
Mark WahlbergThe Departed
52.7%
Minnie DriverGood Will Hunting
51.1%
Kate HudsonAlmost Famous
50.4%
Liam NeesonSchindler's List
48.3%
James CaanThe Godfather
46.4%
Frank LangellaFrost/Nixon
42.4%
John C. ReillyChicago
42.3%
Matt DillonCrash
41.8%
Salma HayekFrida
41.6%
Eddie MurphyDreamgirls
41.4%
Person Film % Correct
Burt ReynoldsBoogie Nights
39.5%
Terrence HowardHustle & Flow
35.7%
Sharon StoneCasino
35.1%
Burt YoungRocky
31.1%
TopolFiddler on the Roof
28.7%
Maggie GyllenhaalCrazy Heart
27.1%
Harrison FordWitness
26.9%
Omar SharifLawrence of Arabia
26.3%
Josh BrolinMilk
26%
Dan AykroydDriving Miss Daisy
24.8%
Juliette LewisCape Fear
24.3%
Paul GiamattiCinderella Man
20.7%
Tim RothRob Roy
18.6%
Rock HudsonGiant
11.3%
Chief Dan GeorgeLittle Big Man
8%
Fred AstaireThe Towering Inferno
7.6%
Ian HolmChariots of Fire
7.4%
Harvey KeitelBugsy
7.2%

You're not logged in!

Compare scores with friends on all Sporcle quizzes.
Join for Free
OR
Log In

You Might Also Like...

Show Comments

Extras

Top Quizzes Today


Score Distribution

Your Account Isn't Verified!

In order to create a playlist on Sporcle, you need to verify the email address you used during registration. Go to your Sporcle Settings to finish the process.

Report this User

Report this user for behavior that violates our Community Guidelines.

Details: